000 00263nam a22001097a 4500
008 170125b xxu||||| |||| 00| 0 eng d
020 _a9781416001997
041 _aeng
080 _27TH
_a618.2
245 _aVIRTUAL CLINICAL EXCURSIONS
_cBLACK, J.M
942 _2udc
_cBK
999 _c3642
_d3642